000 00312nam a22001337a 4500
008 181221b xxu||||| |||| 00| 0 eng d
020 _a9780130222725
041 _aeng
080 _25th
_a371
100 _a46
101 _aEDU
245 _aReading Skills for College Students
_cHancock,O.H
942 _2udc
_cBK
999 _c53683
_d53683